000
00206nam a2200097Ia 4500
999
_c
8653
_d
8653
100
_a
S.M.Yusuf
245
0
_a
Mathematical Methods
260
_a
Lahore
_b
Ilmi Kitab Khana
_c
1999
300
_a
584
942
_c
BK